000 00550nam a2200229Ia 4500
003 OSt
005 20220918204721.0
006 a|||||r|||| 00| 0
007 ta
008 220917b |||||||| |||| 00| 0 eng d
024 _a113,855
037 _cTextual
040 _aARTS
_cARTS
_beng
041 _2eng
_aeng
082 _aV58:1914wNPH, K8
100 _aPhilby K
_9112867
245 0 _aMy silent war
260 _c1968
650 _aHISTORY
942 _hV58:1914wNPH, K8
_cTEXL
_2CC
999 _c237186
_d237186